000
00281cam a22000977a 4500
008
180718b1937 xxu||||| |||| 00| 0 eng d
082
_a
O3500x5421 Ut8
245
_a
Mental hospitals manual
260
_a
Allahabad
_b
Superintendent, Printing and Stationery
_c
1937
300
_a
193, xxiip.
999
_c
412533
_d
412533